| 000 | 00337nam a22001337a 4500 | ||
|---|---|---|---|
| 020 | _qHB. | ||
| 040 | _cFIZZA ISHAQ | ||
| 082 |
_a005.8 _bJUN |
||
| 100 |
_aATHAR,ZUBAIRI AHMED JUNAID. _989391 |
||
| 245 |
_aCYBER SECURITY STANDARD / _cJUNAID AHMED ZUBAIRI ATHAR. |
||
| 260 |
_aNEW YORK ; _c2012. |
||
| 300 | _a315 P. ; | ||
| 942 |
_2ddc _cBK |
||
| 999 |
_c588149 _d588149 |
||